| 000 | 00501nam a22001697a 4500 | ||
|---|---|---|---|
| 999 |
_c526859 _d526859 |
||
| 003 | NUST | ||
| 020 | _qH/B | ||
| 038 | _awaseem | ||
| 082 |
_a297.692 _bSAB |
||
| 100 |
_aSabri, Maqsood Ahmed _917855 |
||
| 245 |
_aTazikara Oliaha Pothar / _cMaqsood Ahmed Sabri |
||
| 260 |
_aRawalpindi : _bMakitab-e-Sabria, _c2005. |
||
| 300 | _a716 p. ; | ||
| 880 |
_6100-01\r _aصاحبزادہ مقصعود احمد صابری |
||
| 880 |
_6245-02\r _aتزکرہ اولیاہ پوٹھوہار / |
||
| 942 |
_2ddc _cBK |
||